000 00454nam a2200181 a 4500
001 1754715970729
003 ACL
005 20250809103934.0
008 250809s2009##################000#0#eng##
020 _a9780714849584
082 0 4 _a712.0922
_bPHA
100 1 _aPress, Editors of Phaidon,
_eauthor.
245 1 0 _aThe Contemporary Garden :
260 _bPhaidon Press,
_c2009.
650 0 _aGardening.
942 _cENGLISH
040 _aACL
_beng
_cACL
999 _c579559
_d579559